000 00436nam a2200205Ia 4500
001 109797
003 YMCAF
005 20230512162402.0
008 100717s2003 ||||||||||||||||| ||und|d
024 _a109797
035 _aWB784
040 _aYMCAF
_beng
_cIN-KoLT
041 _aeng
100 _aPhil, Hanna
245 0 _aComplete reference JSP 2.0
250 _a6th
260 _bTMH
_c2003
300 _a852
942 _2ddc
_cBK
999 _c11623
_d11623